| 000 | 00429nam a22001577a 4500 | ||
|---|---|---|---|
| 003 | BD-ChCU | ||
| 005 | 20251008141314.0 | ||
| 008 | 251008b bg ||||| |||| 00| 0 ben d | ||
| 040 | _cBD-ChCU | ||
| 082 | _a371.93 SHT | ||
| 245 |
_aTeaching children and youth with behavior disorders.// _cThomas M. SHEA |
||
| 260 |
_aSt. Louis. _bC. V. Mosby _c1978 |
||
| 300 | _axi. 343p | ||
| 650 | 0 |
_aEducation. _913671 |
|
| 942 |
_2ddc _cBK _n0 |
||
| 999 |
_c108314 _d108314 |
||